02932nam a22004695i 4500001001800000003000900018005001700027007001500044008004100059020003700100024003500137050001600172050001600188072001600204072002300220082001400243100002900257245015500286250001800441264005900459300006400518336002600582337002600608338003600634347002400670505046100694520094701155650001402102650001302116650003002129650002302159700002802182700002902210700002402239700003002263710003402293773002002327776003602347856004802383912001402431999001702445978-1-4471-2720-8DE-He21320140220082804.0cr nn 008mamaa130522s2013 xxk| s |||| 0|eng d a97814471272089978-1-4471-2720-87 a10.1007/978-1-4471-2720-82doi 4aRC870-923.2 4aRC875-899.5 7aMJS2bicssc 7aMED0880002bisacsh04a616.62231 aHashim, Hashim.eeditor.10aUrological Emergencies In Clinical Practiceh[electronic resource] /cedited by Hashim Hashim, John Reynard, Nigel C. Cowan, Dan Wood, Noel Armenakas. a2nd ed. 2013. 1aLondon :bSpringer London :bImprint: Springer,c2013. aVI, 288 p. 75 illus., 14 illus. in color.bonline resource. atextbtxt2rdacontent acomputerbc2rdamedia aonline resourcebcr2rdacarrier atext filebPDF2rda0 aPresenting Symptoms of Urological Emergencies -- Lower Urinary Tract Emergencies -- Nontraumatic Renal Emergencies -- Other Infective Urological Emergencies -- Traumatic Urological Emergencies -- Scrotal and Genital Emergencies -- Postoperative Emergencies After Urological Surgery -- Ureteric Colic in Pregnancy -- Management of Urological Neoplastic Conditions Presenting as Emergencies -- Pediatric emergencies -- Common Emergency Urological Procedures. aUrological Emergencies in Clinical Practice, Second Edition, is a well-researched pocket book that provides a comprehensive summary of urological emergencies and their management, in a form that is concise, relevant to the target audience and readily available. While the description of each emergency condition is comprehensive, the emphasis is on the practical approach to the conditions which are likely to be encountered. Since the first edition, there have been new guidelines published by the European Association of Urology which are incorporated in the new edition of this book. Furthermore this edition contains a chapter on pediatric urological emergencies.   For the doctor or nurse expected to provide the initial assessment and management of a condition with which he or she has had very limited experience, Urological Emergencies in Clinical Practice, Second Edition will provide an invaluable source of information and advice. 0aMedicine. 0aUrology.14aMedicine & Public Health.24aUrology/Andrology.1 aReynard, John.eeditor.1 aCowan, Nigel C.eeditor.1 aWood, Dan.eeditor.1 aArmenakas, Noel.eeditor.2 aSpringerLink (Online service)0 tSpringer eBooks08iPrinted edition:z978144712719240uhttp://dx.doi.org/10.1007/978-1-4471-2720-8 aZDB-2-SME c94515d94515